Algebra and trigonometry / (Record no. 181988)
[ view plain ]
| 000 -LEADER | |
|---|---|
| fixed length control field | 01306 a2200241 4500 |
| 003 - CONTROL NUMBER IDENTIFIER | |
| control field | NUST |
| 005 - DATE AND TIME OF LATEST TRANSACTION | |
| control field | 20221111113734.0 |
| 010 ## - LIBRARY OF CONGRESS CONTROL NUMBER | |
| LC control number | 92044348 |
| 020 ## - INTERNATIONAL STANDARD BOOK NUMBER | |
| International Standard Book Number | 0201091526 |
| 040 ## - CATALOGING SOURCE | |
| Transcribing agency | Nust |
| 082 00 - DEWEY DECIMAL CLASSIFICATION NUMBER | |
| Classification number | 512.13,BIT |
| 100 1# - MAIN ENTRY--PERSONAL NAME | |
| Personal name | Bittinger, Marvin L. |
| 9 (RLIN) | 102565 |
| 245 10 - TITLE STATEMENT | |
| Title | Algebra and trigonometry / |
| Statement of responsibility, etc. | Marvin L. Bittinger, Judith A. Beecher. |
| 250 ## - EDITION STATEMENT | |
| Edition statement | 1st ed. |
| 260 ## - PUBLICATION, DISTRIBUTION, ETC. | |
| Place of publication, distribution, etc. | Reading, Mass. : |
| Name of publisher, distributor, etc. | Addison-Wesley, |
| Date of publication, distribution, etc. | c1991 |
| 300 ## - PHYSICAL DESCRIPTION | |
| Extent | 653 p.:1 v. (various pagings) : |
| Other physical details | ill. (some col.) ; |
| Dimensions | 28 cm. |
| 505 ## - FORMATTED CONTENTS NOTE | |
| Formatted contents note | Basic Concepts of Algebra (Page-1), Equations, Inequalities, and Problem Solving (Page-59), Relations, Functions, and Transformations (Page-123), Linear and Quadratic Functions and Inequalities (Page-173), Polynomial and Rational Functions (Page-217), Exponential and Logarithmic Functions (Page-263), The Trigonometric Functions (Page-303), Trigonometric Identities Inverse Functions and Equations (Page-385), Triangles Vectors and Applications (Page-427), Systems of Equations and Matrices (Page-467), Equations of Second Degree and Their Graphs (Page-533), Sequences, Series and Probability (Page-569). |
| 650 #0 - SUBJECT ADDED ENTRY--TOPICAL TERM | |
| Topical term or geographic name entry element | Algebra. |
| 9 (RLIN) | 8509 |
| 650 #0 - SUBJECT ADDED ENTRY--TOPICAL TERM | |
| Topical term or geographic name entry element | Trigonometry. |
| 9 (RLIN) | 39136 |
| 700 1# - ADDED ENTRY--PERSONAL NAME | |
| Personal name | Beecher, Judith A. |
| 9 (RLIN) | 102566 |
| 700 1# - ADDED ENTRY--PERSONAL NAME | |
| Personal name | Bittinger, Marvin L. |
| 9 (RLIN) | 102565 |
| 942 ## - ADDED ENTRY ELEMENTS (KOHA) | |
| Source of classification or shelving scheme | |
| Koha item type | Book |
| Call number prefix | 512.13,BIT |
| Withdrawn status | Lost status | Source of classification or shelving scheme | Damaged status | Not for loan | Permanent Location | Current Location | Shelving location | Date acquired | Full call number | Barcode | Date last seen | Price effective from | Koha item type | Public note |
|---|---|---|---|---|---|---|---|---|---|---|---|---|---|---|
| Military College of Signals (MCS) | Military College of Signals (MCS) | General Stacks | 12/12/2016 | 512.13,BIT | MCS7119 | 12/08/2016 | 12/12/2016 | Book | Almirah No.11, Shelf No.1 |
